000 00492nam a2200181Ia 4500
008 240729s9999 xx 000 0 und d
022 _a2751-4838
245 0 _aTheoretiCS
260 _aGermany
260 _bTheoretiCS Foundation e.V.
650 _a Electronic computers. Computer science
650 _a Instruments and machines
650 _a Mathematics
650 _aScience
856 _uhttps://doaj.org/toc/9171c6a32f6a4df795259fe5b19d7772
942 _2ddc
942 _cDOAJEJ
999 _c72387
_d72387
945 _a1
_bMadushi Gamage
_c1
_dMadushi Gamage